People with U Initials - Statistics

General Stats
  • This quiz has been taken 122 times
  • The average score is 8 of 17
Answer Stats
Clue Person % Correct
UB World's fastest sprinter Usain Bolt
97%
UT Lead actress in "Kill Bill" Uma Thurman
89%
UG Andrew Johnson's successor Ulysses S. Grant
86%
UH Eldest son of Saddam Uday Hussein
75%
UF Metallurgist sharing her surnamewith a famous Benjamin Ursula Franklin
68%
UA The first Bond girl Ursula Andress
60%
UR "Yeah!" singer who is commonly known by his first name Usher Raymond
60%
UE "The Name of the Rose" author Umberto Eco
43%
UC Protagonist of an animated filmabout a prehistoric family (hint: family's name is in the title) Ugga Crood
30%
US "The Jungle" author Upton Sinclair
30%
UP King Arthur's father Uther Pendragon
29%
UK President of Kenya since 2013,his father was the country's first Uhuru Kenyatta
24%
UV President of the European Commission Ursula von der Leyen
21%
UL Wrote "Hainish" and "Earthsea" Ursula K. Le Guin
17%
UM Notable Gators coach Urban Meyer
12%
UZ Swiss reformation era priest Ulrich Zwingli
10%
UI Animator of Mickey Mouse Ub Iwerks
5%
No matching quizzes found
Score Distribution
Percent of People with Each Score
Percentile by Number Answered
Your Score History
You have not taken this quiz